| 000 | 00809nam a22002657a 4500 | ||
|---|---|---|---|
| 999 |
_c6524 _d6524 |
||
| 001 | 20708 | ||
| 003 | BD-DhUAP | ||
| 005 | 20210103155011.0 | ||
| 008 | 210103s2018 ii a b 001 0 eng d | ||
| 020 | _a9781259253409 | ||
| 020 | _a1259253406 | ||
| 040 |
_aDLC _cDLC _dBD-DhUAP _bEng |
||
| 082 | 0 | 0 |
_223 _a339 DOR |
| 100 | 1 | _aDornbusch, Rudiger. | |
| 245 | 1 | 0 |
_aMacroeconomics / _cRudiger Dornbusch, Stanley Fischer and Richard Startz. |
| 250 | _a13th ed. | ||
| 260 |
_aNew Delhi : _bTata McGraw-Hill Education, _cc2018. |
||
| 300 |
_axiv, 656 pages : _billustrations ; _c25 cm. |
||
| 504 | _aIncludes bibliographical references and index. | ||
| 650 | 0 | _aMacroeconomics. | |
| 700 | 1 | _aFischer, Stanley. | |
| 700 | 1 | _aStartz, Richard. | |
| 942 |
_2ddc _cBK |
||